00936nam a2200217 a 450000100100000000500170001000800410002704000250006808200150009310000390010824500680014726000450021530000160026050000620027650000760033850000320041450400320044650500420047895201810052099900170070100004557120201002052325.0150415s1995 dr 000 0 spa d aDO-SdBNPbspacBNPHU axxxxbxxxx1 aPimentel, Miguel A.,d1951-91799010aPoder y política en la era de Trujillo /cMiguel A. Pimentel. aSanto Domingo :bImprenta Amiama,c1995. av. ;c21cm. aPerteneció a la biblioteca personal de Erick Landestoy. aIncluye datos biográficos del autor en la solapa de la contracubierta aLa biblioteca posee el v. 1 aBibliografía : p. 109-1110 aFilosofía y política (1930-1961). 0010718PDaPDbPDcCTd2015-04-15iLF1l0oxxxx xxxxp45571-10r2020-06-25w2020-06-25yLFPDz Perteneció a la biblioteca personal de Erick Landestoy.ZNo se presta c45060d45060